[Event "SE-2015-0-00209"]
[Site "LSS email"]
[Date "2015.09.10"]
[Round "?"]
[White "Albesa, Nahuel"]
[Black "Shim Ng Min, Francis"]
[Result "0-1"]
[WhiteElo "1598"]
[BlackElo "1186"]
[PlyCount "22"]
[EventDate "2015.07.31"]
[EventType "tourn (corr)"]
[EventRounds "6"]
[EventCountry "GER"]
[SourceTitle "Corr 2022"]
[Source "ChessBase"]
[SourceDate "2021.10.24"]
[SourceVersion "1"]
[SourceVersionDate "2021.10.24"]
[SourceQuality "1"]

1. e4 c5 2. Nf3 d6 3. d4 cxd4 4. Nxd4 Nf6 5. Nc3 a6 6. Bg5 e6 7. Be2 Be7 8. 0-0 0-0 9. Qd2 Nc6 10. Rfd1 Ne8 11. Bxe7 Qxe7 0-1

[Event "SE-2012-0-00122"]
[Site "LSS email"]
[Date "2012.11.04"]
[Round "?"]
[White "Stadler, Pavel"]
[Black "Albesa, Nahuel"]
[Result "1-0"]
[WhiteElo "1478"]
[BlackElo "1284"]
[PlyCount "33"]
[EventDate "2012.09.18"]
[EventType "tourn (corr)"]
[EventRounds "6"]
[EventCountry "GER"]
[SourceTitle "Corr 2015"]
[Source "ChessBase"]
[SourceDate "2015.07.17"]
[SourceVersion "1"]
[SourceVersionDate "2015.07.17"]
[SourceQuality "1"]

1. e4 c5 2. Nf3 d6 3. d4 cxd4 4. Nxd4 Nf6 5. Nc3 g6 6. Be3 Bg7 7. f3 Nc6 8. Qd2 0-0 9. Bc4 Bd7 10. 0-0-0 Ne5 11. Bb3 Rc8 12. Kb1 a6 13. h4 h5 14. Bg5 Nc4 15. Bxc4 Rxc4 16. g4 Nxe4 17. Nxe4 1-0

[Event "SE-2012-0-00122"]
[Site "LSS email"]
[Date "2012.11.01"]
[Round "?"]
[White "Van de Peut, Aart A"]
[Black "Albesa, Nahuel"]
[Result "1-0"]
[WhiteElo "1394"]
[BlackElo "1284"]
[PlyCount "30"]
[EventDate "2012.09.18"]
[EventType "tourn (corr)"]
[EventRounds "6"]
[EventCountry "GER"]
[SourceTitle "Corr 2015"]
[Source "ChessBase"]
[SourceDate "2015.07.17"]
[SourceVersion "1"]
[SourceVersionDate "2015.07.17"]
[SourceQuality "1"]

1. d4 d5 2. c4 dxc4 3. Nf3 a6 4. a4 Nf6 5. e3 Bg4 6. Bxc4 e6 7. Nbd2 c5 8. Qb3 Nc6 9. Be2 cxd4 10. exd4 Na5 11. Qd1 Rc8 12. 0-0 Bf5 13. Nb1 Bc2 14. Qe1 Nb3 15. Ra2 Bxb1 1-0

[Event "CP-2012-P-00044"]
[Site "LSS email"]
[Date "2012.10.01"]
[Round "?"]
[White "Pilgram, Kurt"]
[Black "Albesa, Nahuel"]
[Result "1-0"]
[WhiteElo "1816"]
[BlackElo "1283"]
[PlyCount "61"]
[EventDate "2012.10.05"]
[EventType "tourn (corr)"]
[EventRounds "6"]
[EventCountry "GER"]
[SourceTitle "Telechess CBM 161"]
[Source "ChessBase"]
[SourceDate "2014.07.16"]
[SourceVersion "1"]
[SourceVersionDate "2014.07.16"]
[SourceQuality "1"]

1. d4 d5 2. c4 dxc4 3. Nf3 Nf6 4. e3 e6 5. Bxc4 c5 6. 0-0 a6 7. Bb3 Nc6 8. Nc3 h6 9. dxc5 Bxc5 10. Qxd8+ Kxd8 11. Bd2 Ke7 12. Rac1 Rd8 13. Rfd1 Ba7 14. h3 Bd7 15. e4 Be8 16. Bc2 a5 17. Ne2 Rac8 18. a3 g5 19. e5 Nd5 20. Re1 Bb8 21. Ng3 Nf4 22. Nf1 Rd5 23. Be4 Rdd8 24. Ng3 Bxe5 25. Bxc6 Bxb2 26. Bxb7 Bxc1 27. Bxc1 Nd3 28. Bxc8 Nxe1 29. Nxe1 Rxc8 30. Bd2 a4 31. Bb4+ 1-0

[Event "CP-2012-P-00044"]
[Site "LSS email"]
[Date "2012.10.01"]
[Round "?"]
[White "Schroeder, Christoph"]
[Black "Albesa, Nahuel"]
[Result "1-0"]
[WhiteElo "2216"]
[BlackElo "1283"]
[PlyCount "47"]
[EventDate "2012.10.05"]
[EventType "tourn (corr)"]
[EventRounds "6"]
[EventCountry "GER"]
[SourceTitle "Telechess CBM 161"]
[Source "ChessBase"]
[SourceDate "2014.07.16"]
[SourceVersion "1"]
[SourceVersionDate "2014.07.16"]
[SourceQuality "1"]

1. d4 d5 2. Nf3 Nf6 3. e3 Bf5 4. c4 c6 5. Nc3 a6 6. Bd3 Bxd3 7. Qxd3 e6 8. 0-0 Bb4 9. Bd2 0-0 10. a3 Bxc3 11. Bxc3 Re8 12. Nd2 Nbd7 13. h3 e5 14. dxe5 Nxe5 15. Qe2 Qe7 16. Rfd1 Rad8 17. b4 Nxc4 18. Nxc4 dxc4 19. Qxc4 Qe6 20. Qxe6 fxe6 21. Kf1 Rxd1+ 22. Rxd1 e5 23. Ke2 Nd5 24. Bb2 1-0

[Event "OP-2011-0-01917"]
[Site "LSS email"]
[Date "2011.12.03"]
[Round "?"]
[White "Puleston, Tim O"]
[Black "Albesa, Nahuel"]
[Result "0-1"]
[WhiteElo "1223"]
[BlackElo "1305"]
[PlyCount "50"]
[EventDate "2011.11.29"]
[EventType "tourn (corr)"]
[EventRounds "4"]
[EventCountry "GER"]
[SourceTitle "Telechess CBM 153"]
[Source "ChessBase"]
[SourceDate "2013.03.14"]
[SourceVersion "1"]
[SourceVersionDate "2013.03.14"]
[SourceQuality "1"]

1. d4 Nf6 2. c4 g6 3. Nc3 d5 4. Bf4 Bg7 5. e3 c5 6. dxc5 Qa5 7. Rc1 Ne4 8. cxd5 Nxc3 9. Qd2 Qxa2 10. bxc3 Qa5 11. Nf3 Nd7 12. Be2 Nxc5 13. c4 Qxd2+ 14. Nxd2 Bf5 15. 0-0 Bb2 16. e4 Bxc1 17. Rxc1 Nxe4 18. Nxe4 Bxe4 19. f3 Bf5 20. g4 Bc8 21. c5 f6 22. c6 bxc6 23. dxc6 a5 24. Bb5 a4 25. c7+ Kf7 0-1

[Event "SF-2011-0-00116"]
[Site "LSS email"]
[Date "2011.10.20"]
[Round "?"]
[White "Razo, Ryan Jose"]
[Black "Albesa, Nahuel"]
[Result "0-1"]
[WhiteElo "1266"]
[BlackElo "1344"]
[PlyCount "74"]
[EventDate "2011.09.26"]
[EventType "tourn (corr)"]
[EventRounds "6"]
[EventCountry "GER"]
[SourceTitle "Telechess CBM 153"]
[Source "ChessBase"]
[SourceDate "2013.03.14"]
[SourceVersion "1"]
[SourceVersionDate "2013.03.14"]
[SourceQuality "1"]

1. c4 e5 2. Nc3 Nf6 3. g3 d5 4. cxd5 Nxd5 5. Bg2 Nxc3 6. bxc3 Bd6 7. Qc2 c5 8. Nf3 0-0 9. d3 Nc6 10. Rb1 Qc7 11. 0-0 b6 12. Be3 Bd7 13. Nd2 f5 14. Nc4 f4 15. Bd5+ Kh8 16. Bc1 Rf6 17. Nxd6 Qxd6 18. Bf3 Raf8 19. Bd2 Bf5 20. Qa4 fxg3 21. fxg3 Bxd3 22. exd3 Rxf3 23. Qe4 Qf6 24. Qxf3 Qxf3 25. Rxf3 Rxf3 26. Rf1 Rf6 27. Kg2 Kg8 28. Rxf6 gxf6 29. g4 Kf7 30. Kf3 Ke6 31. Ke4 b5 32. a3 a5 33. h4 b4 34. axb4 axb4 35. cxb4 cxb4 36. h5 b3 37. Bc3 Nd4 0-1

[Event "OP-2010-0-01242"]
[Site "LSS email"]
[Date "2010.08.26"]
[Round "?"]
[White "Roegiers, Ludo"]
[Black "Albesa, Nahuel"]
[Result "1-0"]
[WhiteElo "1191"]
[BlackElo "1000"]
[PlyCount "31"]
[EventDate "2010.08.20"]
[EventType "tourn (corr)"]
[EventRounds "4"]
[EventCountry "GER"]
[SourceTitle "Corr 2013"]
[Source "ChessBase"]
[SourceDate "2012.11.12"]
[SourceVersion "1"]
[SourceVersionDate "2012.11.12"]
[SourceQuality "1"]

1. d4 Nf6 2. Bg5 e6 3. e4 h6 4. Bxf6 gxf6 5. Ne2 Nc6 6. g3 b6 7. Bg2 Ba6 8. c3 Bd6 9. 0-0 h5 10. h4 Rg8 11. Re1 Qc8 12. Nd2 Qb7 13. b4 Qb8 14. a4 Ne7 15. e5 fxe5 16. Bxa8 1-0

[Event "OP-2010-0-01235"]
[Site "LSS email"]
[Date "2010.08.17"]
[Round "?"]
[White "Verich, Oleg"]
[Black "Albesa, Nahuel"]
[Result "1-0"]
[WhiteElo "1036"]
[BlackElo "1000"]
[PlyCount "59"]
[EventDate "2010.08.10"]
[EventType "tourn (corr)"]
[EventRounds "4"]
[EventCountry "GER"]
[SourceTitle "Telechess CBM 143"]
[Source "ChessBase"]
[SourceDate "2011.07.15"]
[SourceVersion "1"]
[SourceVersionDate "2011.07.15"]
[SourceQuality "1"]

1. d4 f5 2. Bg5 Nf6 3. Nc3 h6 4. Bxf6 exf6 5. Nf3 Bb4 6. Qd3 d5 7. 0-0-0 0-0 8. a3 Ba5 9. e3 Nc6 10. Nh4 Ne7 11. Be2 c6 12. Bh5 Kh7 13. f4 b5 14. Na2 Bc7 15. g3 a5 16. Rhg1 Bd6 17. h3 b4 18. a4 g6 19. Be2 c5 20. dxc5 Bxc5 21. Kb1 Qb6 22. Ng2 Bd7 23. b3 Bc6 24. g4 fxg4 25. hxg4 Kg7 26. Bf3 Rfd8 27. Rge1 f5 28. Nh4 Bd7 29. gxf5 Qf6 30. Ng2 1-0